Дело о выдаче малолетним Генриху, Эдуарду, Августе и Бенедите по 1 рублю 50 копеек за участие в спектаклях

RUSMARC
00006169cbc2a2200000#x 450
0010cb096d1-49e6-4880-ab92-fb390f63c9bd
00520191219170801.0
100##$a20170628l18461846k l0rusy0189 ca
1010#$arus
102##$aRU
2001#$aДело о выдаче малолетним Генриху, Эдуарду, Августе и Бенедите по 1 рублю 50 копеек за участие в спектаклях
$j17 января 1846 г.
251##$cДело
300##$aПо Санкт-Петербургской дирекции за 1846 год
300##$aРукописный текст. Чернила
300##$aЗаголовок дела также: Дело по предписанию господина директора о производстве малолетним детям Генриху, Эдуарду, Августе и Бенедит поспектакльных денег за участие их во французских спектаклях, каждому по 1 рублю 50 копеек
801#0$aRU
$bРГИА
$c20170628
801#1$aRU
$bГлавНИВЦ
$c20170628
$2rusmarc
801#2$aRU
$bПБ им. Б.Н. Ельцина
$c20181225
$gRCR
$2rusmarc
850##$aФедеральное казенное учреждение "Российский государственный исторический архив" (РГИА)
852##$aРГИА
$j10809
937##$hРГИА
$d12246577
$aASBIBLIO_SCAN
462#0$1001dd3991dc-24e1-42ec-8838-ca4255420416
$12001
$a1746-1850 гг.
$vД. 10809
$1251
$cОпись
$1852
$j1
461#0$10019264ebf8-de62-4f1a-9eb4-9f22098dbbd5
$12001
$aДирекция императорских театров МИДв
$1251
$cФонд
$1852
$j497
215##$a6 листов
$d36,5х26 см
371##$aДокумент не является опубликованным и широко распространяемым
105##$ay###
1220#$ad
035##$a0cb096d1-49e6-4880-ab92-fb390f63c9bd
856##$uhttp://readingroom.main.prlib.ru/item.aspx?id_node=n122320925&mode=full
5171#$aДело по предписанию господина директора о производстве малолетним детям Генриху, Эдуарду, Августе и Бенедит поспектакльных денег за участие их во французских спектаклях, каждому по 1 рублю 50 копеек
6061#$2prlib_sh
$3LIBNET\UAF\0000080842
$aАктеры
$yРоссия
$jДокументы и материалы
6061#$aАктеры
$2nlr_sh1
$3RU\NLR\AUTH\6621935
$xЗаработная плата
$jДокументы и материалы
6061#$aДетский труд
$jДокументы и материалы
$2nlr_sh
$3RU\NLR\AUTH\66357864
686##$2rubbk
$a85.33
$vLBC/M
686##$a63.3(2)521-7
$vLBC/M
$2rubbk
60101$2prlib_sh
$3LIBNET\UAF\0000083361
$aРоссия
$bДирекция императорских театров
$bПетербургская контора
$jДокументы и материалы
605##$2acquisition_Prlib
$3LIBNET\UAF\0000080478
$aГод театра в России
$lколлекция
605##$aРоссия в лицах
$lколлекция
$2acquisition_Prlib
$3DITM\AF\0000004166
Формат отображения